1267 1336 1759 1255 1467 1797 1171 1722 1596 1591 1494 1170 1870 1182 1670 1893 1760 1327 1374 1219 1044 1525 1456 1014 1891 1969 1004 1997 1826 1118 1549 1431 1240 1827 1340 1455 1063 1600 1226 1570 1220 1501 1677 1097 1677 1997 1227 1535 1186 1081 1407 1912 1516 1989 1126 1860 1096 1571 1860 1274 1884 1763 1699 1579 1659 1411 1196 1536 1833 1455 1083 1305 1676 1953 1544 1071 1498 1540 1131 1081 1778 1856 1814 1687 1917 1606 1456 1180 1787 1667 1360 1760 1572 1055 1418 1493 1628 1170 1740 BCNSPRNW ULIB Ver.6.0+V

เปลี่ยนเป็นภาษาไทย

Change to English
 แสดงรายละเอียดบรรณานุกรม
  กลับหน้าหลัก

Brief Record : Get Marc (ISO 2709) : E-mail record : QR code < ปิดหน้าต่าง
LEADER : 00000nam 2200000uu 4500
001    13399120217
003     ULIB
008    020711s2010 th a 000 0 eng d
020    9780131362161
050    QS4^bM386E
100    Martini, H. Frederic
245    ESSENTIALS OF ANATOMY & PHYSIOLOGY/^cMartini, H. Frederic
250    5th ed
260    San Francisco :^bBenjamin Cummings,^c2010
945    ^p0^l0^i16160
999    ^aทศพร เกษรทอง
รายการนี้ยังไม่มีแท็ก
คุณยังไม่ได้ล็อกอิน คุณสามารถมีกิจกรรมร่วมกับเว็บไซต์ได้ แต่ต้องล็อกอินก่อน ::
  ล็อกอิน

รายการสื่อสารสนเทศ

ลำดับที่ ประเภท เลขเรียก/บาร์โค้ด สถานที่ สถานะ
1. วิทยาศาสตร์การแพทย์ และสุขภาพ
วิทยาศาสตร์การแพทย์ และสุขภาพ
QS4 M386E  
  Barcode: 16160
ห้องสมุดวิทยาเขตสวรรค์ประชารักษ์
►หนังสือทั่วไป
บนชั้น

BibComment


ยังไม่เคยถูกคอมเมนท์

คอมเมนท์ทรัพยากรรายการนี้
  คอมเมนท์: ESSENTIALS OF ANA..


 Copyright 2026. Bcnsprnw @Library